|
|
|
|
| LEADER |
00000nab a2200000uu 4500 |
| 001 |
vtls010912232 |
| 003 |
SK-MaSNL |
| 005 |
20260303150717.0 |
| 008 |
230222|1942 xo |||||||||||||||||slo| |
| 015 |
|
|
|a SNBRB
|
| 035 |
|
|
|a (urnnbn)urn:nbn:sk:snk:ar-a086sa
|
| 035 |
|
|
|a (uuid)6e8e0cf8-dff3-44c8-9568-56d30d18677f
|
| 035 |
|
|
|a urn:nbn:sk:snk-ab9197
|
| 040 |
|
|
|a SNKBUCL
|b slo
|c SNKBUCL
|e AACR2
|
| 041 |
0 |
|
|a slo
|
| 044 |
|
|
|a xo
|c SK
|
| 100 |
1 |
|
|a Jablonský, Anton,
|d 1903-1970
|4 aut
|9 120469
|
| 245 |
1 |
0 |
|a Poznámky k sadeniu tvarovaných ovocných stromov
|c Anton Jablonský
|
| 773 |
0 |
|
|t Slovenské ovocinárstvo : odborný časopis pre povznesenie ovocinárstva, vinohradníctva a záhradníctva : orgán Slovenskej ovocinárskej spoločnosti a jej odbočiek
|g Roč. 19, č. 425-426 (1942), s. 6-7
|
| 954 |
|
|
|a odborná, vedecká literatúra pôvodná (slovenská)
|2 lita
|
| 958 |
|
|
|a OND
|
| 958 |
|
|
|a EUIPO
|
| 958 |
|
|
|a article10
|
| 999 |
|
|
|c 2012713
|d 2014643
|